000 00744nam a2200253Ia 4500
999 _c51308
_d51308
001 18277
003 GE_BSU
005 20230314112210.0
008 181216s2008||||fr |||||||||||||| ||fre||
020 _a9782090353075
040 _cGE_BSU
041 _afre
080 _a811.133.1 I-33
245 _aICI 2. Cahier d'exercices A2 /
_cD. Abry, Y. Daas, C. Fert... ; Edition Virginie Poitrasson.
264 _aParis :
_bCLE International,
_c2008.
300 _a62 p. :
_bill. ;
_c30 cm.
_e+1CD.
541 _h41Gel. 75 T.
653 _aICI 2. Cahier d'exercices A2
700 _aAbry, D.
_eby
_912725
700 _aDaas, Y.
_eby
_917197
700 _aFert, C.
_eby
_917198
700 _aPoitrasson, Virginie
_eEdition
_912727
942 _cBK
_2udc